Seuchenschutz bremst Wild aus. (Titelsatznr. 371081)
[ MARC ]
| 000 -Satzkennung | |
|---|---|
| Kontrollfeld mit fester Länge | 00914nam a22002297a 4500 |
| 008 - Feld mit fester Länge zur physischen Beschreibung - Allgemeine Angaben | |
| Kontrollfeld mit fester Länge | 201127b ||||| |||| 00| 0 eng d |
| 040 ## - Katalogisierungsquelle | |
| Original-Katalogisierungsstelle | DE-2950 |
| Katalogisierungssprache | ger |
| Übertragungsstelle | DE-2950 |
| Beschreibungsfestlegungen | rda |
| 041 ## - Sprachcode | |
| Sprachcode des Textes/der Tonspur oder des separaten Titels | ger |
| 100 ## - Person oder Familie als 1. geistiger Schöpfer | |
| Personenname | Winkler, Bettina: |
| 245 ## - Titel | |
| Haupttitel | Seuchenschutz bremst Wild aus. |
| Titelzusatz | Verkehr: Die Grünbrücke über die Autobahn bei Jacobsdorf nahe Frankfurt (Oder) ist als Maßnahme gegen die Ausbreitung der Afrikanischen Schweinepest gesperrt. Was bedeutet das für Tiere und Kraftfahrer?/ |
| Verantwortlichkeitsangabe | Bettina Winkler |
| 264 ## - Veröffentlichungsangabe, Vertriebsangabe, Herstellungsangabe | |
| Erscheinungs-, Vertriebs-, Herstellungsdatum | 2021 |
| 653 ## - Lokales Schlagwort | |
| Nicht-normierter Term | Frankfurt (Oder) |
| 653 ## - Lokales Schlagwort | |
| Nicht-normierter Term | <Jacobsdorf> |
| 653 ## - Lokales Schlagwort | |
| Nicht-normierter Term | Afrikanische Schweinepest |
| 653 ## - Lokales Schlagwort | |
| Nicht-normierter Term | Grünbrücke |
| 653 ## - Lokales Schlagwort | |
| Nicht-normierter Term | Autobahn |
| 773 ## - Übergeordnete Einheit | |
| Ort, Verlag und Erscheinungsjahr | Frankfurt (Oder) Märkisches Verlags- und Druckhaus GmbH & Co KG |
| Titel | Märkische Oderzeitung |
| Verknüpfungsangaben | 32. Jahrgang (2021) Nr. 257 vom 03.11.2021, S. 15 |
| 942 ## - Zusätzliche Felder (Koha) | |
| Koha-Medientyp | Aufsätze |
| Ausgeschieden | Verloren | Beschädigt | Nicht entleihbar | Permanenter Standort | Aktueller Standort | Aufstellungsort | Eingabedatum | Anzahl Ausleihen | Signatur | Letzte Aktivität | Preis gültig von | Medientyp |
|---|---|---|---|---|---|---|---|---|---|---|---|---|
| Stadtarchiv Frankfurt (Oder) | Archivbibliothek | Stadtarchiv Frankfurt (Oder) | Archivbibliothek | Magazin | 03/11/2021 | Z2 | 03/11/2021 | 03/11/2021 | Aufsätze |